| 000 | 00899nam a2200253Ia 4500 | ||
|---|---|---|---|
| 003 | OSt | ||
| 005 | 20220923211127.0 | ||
| 006 | a|||||r|||| 00| 0 | ||
| 007 | ta | ||
| 008 | 220922b |||||||| |||| 00| 0 hin d | ||
| 020 |
_a8181981723 (hbk) _c895 |
||
| 024 | _a238,965 | ||
| 037 |
_b548, 19/01/2009, Eastern Book Linkers _cTextual |
||
| 040 |
_aARTS _cARTS _bhin |
||
| 041 |
_2hin _ahin |
||
| 082 | _aT:3(P15), 152P7 | ||
| 100 |
_aसैनी, शकुन्तला _9156272 |
||
| 245 | 0 | _aसंस्कृत शिक्षण | |
| 246 | _aSanskṛut shikṣhaṇa | ||
| 260 |
_aजयपुर _b यूनिवर्सिटी बुक हाउस {प्रा.} लि. _c2007 |
||
| 300 |
_a351पृ. _ccm. |
||
| 942 |
_hT:3(P15), 152P7 _cTEXL _2CC |
||
| 999 |
_c295659 _d295659 |
||